| 000 | 01873nab a2200253 ab4500 | ||
|---|---|---|---|
| 005 | 20260702141520.0 | ||
| 008 | 260604b2025 sp tr poo| 0 0 spa d | ||
| 003 | |||
| 040 |
_aMX-MxUPN _bspa _cMX-MxUPN _eaacr2 |
||
| 100 | 1 |
_aFuentes Martínez, Guadalupe _960199 |
|
| 100 | 1 |
_aRobles Sánchez, Francisco Javier _960200 |
|
| 245 | 1 |
_aConcepto y medición de la autocratización social : _btest en el Norte de África y Oriente Próximo _h[recurso electrónico en línea] |
|
| 506 | 0 | _aAcceso abierto | |
| 520 | 3 |
_aEste artículo propone un Índice de Autocracia Social a escala global, basado en resultados de la Encuesta Mundial de Valores, que permite advertir procesos de autocratización social, así como la categorización de los mismos en virtud de su intensidad, naturaleza y contexto. Aplicado al Norte de África y Oriente Próximo, descubrimos que no existe relación unívoca entre autocratización social, autocratización institucional y deterioro del nivel de seguridad entre 2010 y 2022. Mientras que Marruecos, Turquía e Irak comparten procesos de consolidación autocrática social de intensidad mínima que difieren en su naturaleza (integral/parcial) y contextualización institucional y securitaria, en Egipto acontece una reducción significativa mínima del nivel de autocracia social, de forma integral, y en un contexto de autocratización institucional y empeoramiento del nivel de seguridad. _cREIS |
|
| 653 | _aActitudes sociales | ||
| 653 | _aAutocracia social | ||
| 653 | _aAutocratización | ||
| 653 | _aMedición cuantitativa | ||
| 773 |
_gNo. 193 (2025), p. 89-112 _tREIS: revista española de investigaciones sociológicas _x1988-5903 |
||
| 856 | 4 | _uhttps://reis.cis.es/index.php/reis/article/view/2516 | |
| 856 | 4 | _uhttps://reis.cis.es/index.php/reis/article/view/2516/3089 | |
| 902 | _aLeonor Sotres/020726 | ||
| 942 | _cART-E | ||
| 999 |
_c215496 _d215496 |
||